Birds of Shendurney Sanctuary : A Report (Record no. 600964)

MARC details
000 -LEADER
fixed length control field 00449nam a2200145Ia 4500
008 - FIXED-LENGTH DATA ELEMENTS--GENERAL INFORMATION
fixed length control field 100415s9999 xx 000 0 und d
082 ## - DEWEY DECIMAL CLASSIFICATION NUMBER
Item number 18067
Classification number 598.2(5483)
100 ## - MAIN ENTRY--PERSONAL NAME
Personal name Susanthkumar C
245 ## - TITLE STATEMENT
Title Birds of Shendurney Sanctuary : A Report
260 ## - PUBLICATION, DISTRIBUTION, ETC. (IMPRINT)
Place of publication, distribution, etc THIRUVANANTHAPURAM
Date of publication, distribution, etc 1998
Name of publisher, distributor, etc WARBLERS & WARBLERS
365 ## - TRADE PRICE
Price amount 0
630 ## - SUBJECT ADDED ENTRY--UNIFORM TITLE
Uniform title Birds of Shendurney Sanctuary : A Report
730 ## - ADDED ENTRY--UNIFORM TITLE
Uniform title Birds of Shendurney Sanctuary : A Report
942 ## - ADDED ENTRY ELEMENTS (KOHA)
Koha item type Book
Holdings
Withdrawn status Lost status Damaged status Not for loan Home library Current library Date acquired Cost, normal purchase price Total Checkouts Full call number Barcode Date last seen Price effective from Koha item type
        Bombay Natural History Society Bombay Natural History Society 12/03/1998 0.00   598.2(5483) 18067 BNHS-18067 04/15/2010 04/15/2010 Book